000
00220nam a22000857a 4500
008
170220b xxu||||| |||| 00| 0 eng d
100
_9
2923
_a
Aggarwal.M.L.
245
_a
Lab Manual Mathematics-X
260
_a
New Delhi
_b
APC
_c
2009
999
_c
6163
_d
6163